| 000 | 01127nam a22003257a 4500 | ||
|---|---|---|---|
| 001 | BR7900752 | ||
| 003 | BR-BrBNA | ||
| 005 | 20230928085924.0 | ||
| 007 | ta | ||
| 008 | 230509b bl.||||| |||| 00| 0 por d | ||
| 040 |
_aBR-BrBNA _bpor _cBiblioteca Nacional de Agricultura |
||
| 041 | _a(Por) | ||
| 072 |
_aN20; F00 _b0230 |
||
| 090 | _ 0230 BR7900752 | ||
| 100 | 1 | _aBerto, P.N.A. | |
| 100 | 1 | _aMialhe, L.G. | |
| 110 | 1 |
_aPrograma Nacional de Melhoramento da Cana-de-Acucar, Campos, RJ (Brasil). Coordenadoria Regional Leste _98022 |
|
| 111 | 1 |
_a1. Congresso Nacional da Sociedade dos Tecnicos Acucareiros do Brasil _cMaceio, AL (Brazil) _d21 Jan 1979 |
|
| 245 | 1 | _aEfeito do uso do rastelo amontoador no desempenho operacional das carregadoras de cana-de-acucar [Colheita mecanica; Saccharum spp] | |
| 260 | 3 |
_aCampos, RJ (Brasil): _c1979. |
|
| 300 | _a18 p. | ||
| 500 | _aSummaries (Eng, Por) | ||
| 650 | _aEquipamento rural | ||
| 650 | _aProducao vegetal | ||
| 650 | _aCana de acucar | ||
| 650 | _aColheita mecanica | ||
| 650 | _aMaquina agricola | ||
| 909 |
_a202309 _bLucia _c55 _dLucia Elande |
||
| 942 | _cBK | ||
| 999 |
_c27019 _d27019 |
||